000 00278nam a2200133Ia 4500
100 _aJackson /M.D
942 _cBK
654 _aWelding
245 _aWelding Methods & Metallurgy
260 _bGriffin
_aLondon
_c1967
082 _a671.5
300 _a422
546 _aENGLISH
999 _c25359
_d25359